|
|
|
|
| LEADER |
00000nem a2200000 a 4500 |
| 001 |
vtls001465958 |
| 003 |
SK-MaSNL |
| 005 |
20260302073250.0 |
| 007 |
aj cazzn |
| 008 |
251029s2003 xo abgfuuu| 0 mul |
| 015 |
|
|
|a SNBC2004/04-01872
|
| 020 |
|
|
|a 8080423911
|
| 035 |
|
|
|a SNK000421263
|
| 040 |
|
|
|a SNK
|b slo
|c SNK
|e AACR2
|
| 041 |
0 |
|
|a mul
|
| 043 |
|
|
|a e-xo---
|
| 044 |
|
|
|a xo
|c SK
|
| 072 |
|
7 |
|a 913(4)
|x Geografia Európy, reálie, cestovanie
|2 konspekt
|
| 080 |
|
|
|a 91(437.6)
|2 1981
|
| 080 |
|
|
|a 91(234.372.4)
|2 1981
|
| 080 |
|
|
|a 91(437.64-21)
|2 1981
|
| 080 |
|
|
|a 912.43:796.5
|2 1981
|
| 080 |
|
|
|a (084.3)
|2 1981
|
| 080 |
|
|
|a 796.5(234.372.4)(084.3)
|2 1981
|
| 080 |
|
|
|a 908(437.64)
|2 1981
|
| 110 |
2 |
|
|a Vojenský kartografický ústav (Harmanec, Slovensko)
|4 aut
|4 pbl
|9 32777
|
| 245 |
1 |
0 |
|a Stolické vrchy ; Revúca
|h kartografický dokument
|b turistická mapa
|c ... spracoval Vojenský kartografický ústav
|
| 246 |
3 |
0 |
|a Revúca
|
| 250 |
|
|
|a 3. vyd.
|
| 255 |
|
|
|a Mierka 1:50 000
|
| 260 |
|
|
|a Harmanec
|b VKÚ
|c 2003
|
| 300 |
|
|
|a 1 mapa v plastovom púzdre
|b fareb.
|c 102 x 57 cm zlož. na 21 x 13 cm
|e 1 text. príl. (37 s.)
|
| 490 |
1 |
|
|a Edícia turistických máp
|v 135
|
| 500 |
|
|
|a Text legendy podnázov a vysvetl. v nem., angl., maď. a poľ.
|
| 500 |
|
|
|a Text prílohy obsahuje turisticko-vlastivedný popis. Red. uzávierka 1.7.2003
|
| 651 |
|
7 |
|a Slovenské rudohorie (Slovensko : pohorie)
|2 SNK
|9 26673
|
| 651 |
|
7 |
|a Stolické vrchy (Slovensko)
|2 SNK
|9 68644
|
| 651 |
|
7 |
|a Revúca (Slovensko)
|2 SNK
|9 31503
|
| 655 |
|
7 |
|a turistické mapy
|2 SNKPH
|9 70551
|
| 830 |
|
0 |
|a Edícia turistických máp
|9 295991
|
| 919 |
|
|
|a 80-8042-391-1
|
| 923 |
|
|
|a turistická
|b skladaná
|c pre verejnosť
|
| 999 |
|
|
|c 1160143
|d 1162073
|
| 952 |
|
|
|t P60, <03>, [BOOK], {603}
|a SNK
|b SNK
|y PREZ
|7 0
|p 17A0408517
|o snkSLCm 2337
|i snkKSP 940/2004
|0 0
|1 0
|4 0
|d 2004-01-12
|l 0
|r 2005-01-02 00:00:00
|w 2026-02-24
|
| 952 |
|
|
|t P60, <04>, [BOOK], {604}
|a SNK
|b SNK
|y VYP
|7 0
|p 17A0408514
|o snkSLCm 2337 D1
|i snkKSP 941/2004
|0 0
|1 0
|4 0
|d 2004-01-12
|l 0
|r 2005-01-02 00:00:00
|w 2026-02-24
|
| 952 |
|
|
|t P60, <03>, [BOOK], {603}
|a SNK
|b SNK
|y PREZ
|7 0
|p 17A0408516
|o snkSLCm 2337/príl.
|i snkKSP 940/2004
|0 0
|1 0
|4 0
|d 2004-01-27
|l 0
|r 2005-01-02 00:00:00
|w 2026-02-24
|
| 952 |
|
|
|t P60, <04>, [BOOK], {604}
|a SNK
|b SNK
|y VYP
|7 0
|p 17A0408515
|o snkSLCm 2337/príl. D1
|i snkKSP 941/2004
|0 0
|1 0
|4 0
|d 2004-01-27
|l 0
|r 2005-01-02 00:00:00
|w 2026-02-24
|